Online
Catalog

Gabriel René Moreno (1836-1908) : (Record no. 7071)

MARC details
000 -CABECERA
campo de control de longitud fija 00796cam a2200217 a 4500
001 - NÚMERO DE CONTROL
campo de control 000007290
005 - FECHA Y HORA DE LA ÚLTIMA TRANSACCIÓN
campo de control 20200929154125.0
008 - DATOS DE LONGITUD FIJA--INFORMACIÓN GENERAL
campo de control de longitud fija 890721s1988 bo b 001 0bspa
040 ## - FUENTE DE LA CATALOGACIÓN
Centro catalogador/agencia de origen DO-SdBNP
Centro/agencia transcriptor DLC
Centro/agencia modificador DLC
082 ## - NÚMERO DE LA CLASIFICACIÓN DECIMAL DEWEY
Número de clasificación 928.84
Número de documento/Ítem M843B
100 1# - ENTRADA PRINCIPAL--NOMBRE DE PERSONA
Nombre de persona Barnadas, Josep M.
Forma completa/desarrollada del nombre (Josep Maria Barnadas i Mestres),
Fechas asociadas al nombre 1867-1939.
9 (RLIN) 20241
245 10 - MENCIÓN DE TÍTULO
Título Gabriel René Moreno (1836-1908) :
Resto del título drama y gloria de un boliviano /
Mención de responsabilidad, etc. Josep M. Barnadas.
260 ## - PUBLICACIÓN, DISTRIBUCIÓN, ETC.
Lugar de publicación, distribución, etc. La Paz, Bolivia :
Nombre del editor, distribuidor, etc. Altiplano,
Fecha de publicación, distribución, etc. 1988.
300 ## - DESCRIPCIÓN FÍSICA
Extensión 269 p. ;
Dimensiones 22 cm.
490 1# - MENCIÓN DE SERIE
Mención de serie Hipótesis
504 ## - NOTA DE BIBLIOGRAFÍA, ETC.
Nota de bibliografía, etc. Incluye referencias bibliográficas (p. 251-261) e índice.
600 14 - PUNTO DE ACCESO ADICIONAL DE MATERIA--NOMBRE DE PERSONA
Nombre de persona MORENO, GABRIEL RENÉ,
Fechas asociadas al nombre 1836-1908.
9 (RLIN) 20242
650 #4 - PUNTO DE ACCESO ADICIONAL DE MATERIA--TÉRMINO DE MATERIA
Término de materia o nombre geográfico como elemento de entrada Historia
Subdivisión geográfica Bolivia
Subdivisión general Biografía
9 (RLIN) 20243
830 #0 - PUNTO DE ACCESO ADICIONAL DE SERIE-TÍTULO UNIFORME
Título uniforme Hipótesis.
9 (RLIN) 20244
910 ## - DATOS DE OPCIÓN DEL USUARIO (OCLC)
Datos de opción del usuario Catalogación por copia / LC
Holdings
Estado de retiro Estado de pérdida Restricciones de uso No para préstamo Código de colección Localización permanente Ubicación/localización actual Ubicación en estantería Fecha de adquisición Número de inventario Total de préstamos Signatura topográfica completa Código de barras Fecha visto por última vez Precio válido a partir de Tipo de ítem Koha
    Préstamo interno   Monografías: Libros y Folletos General General En catalogación 07.09.2009 LF1   928.84 M843B 7290-10 25.06.2020 25.06.2020 Préstamo interno

Powered by Koha